000 01042nmm a2200313 a 4500
001 ocm000984833
003 TR-IsHL
005 20201028153816.0
008 150412s2014 tu tur
007 cr cn
020 _a9786053847380
035 _a984833
_b(N$T)
050 0 4 _aPL248.Y86
_bY868 2014
090 0 4 _aPL248.Y86
_bY868 2014
100 1 _aYunus Emre
245 1 0 _aYunus Emre'den yüreğinizi ısıtan sözler ve hikayeler
_h[electronic resource] /
_cYunus Emre ; hazırlayan Ender Haluk Derince
260 _aİstanbul :
_bYakamoz Kitap,
_c2014
300 _a353 p.
650 4 _aDil ve Edebiyat
650 4 _aLanguage and Literature
650 0 _aYunus Emre, 1238?-1320?
650 0 _aTürk şiiri
650 0 _aTurkish poetry
650 0 _aKısa hikayeler, Türk
650 0 _aShort stories, Turkish
650 7 _aLITERARY COLLECTIONS / Middle Eastern
_2bisacsh
700 1 _aDerince, Ender Haluk
856 4 0 _uhttp://search.ebscohost.com/login.aspx?direct=true&scope=site&db=e011xww&AN=984833
999 _c12243
_d12243